Metódy merania vývoja spotrebiteľských cien a ich využitie v spotrebiteľskom vzdelávaní SR

Vysvetlenie vhodných metód, ktoré by mali poznať inštitúcie a organizácie vytvárajúce zásady spotrebiteľskej politiky Slovenska a vytvorenie databázy vývoja spotrebiteľských cien na Slovensku v rokoch 1992-2015. Inflácia a jej dôsledky. Meranie vývoja spotrebiteľských cien. Index spotrebiteľských ci...

Descrizione completa

Salvato in:
Dettagli Bibliografici
Autore principale: Lipianska, Júlia
Natura: Capitolo di libro
Lingua:slovacco
Soggetti:
Tags: Aggiungi Tag
Nessun Tag, puoi essere il primo ad aggiungerne!!

MARC

LEADER 00000nla a2200000 4500
001 0224440
005 20240502073657.3
041 0 |a slo 
044 |a SK 
245 1 0 |a Metódy merania vývoja spotrebiteľských cien a ich využitie v spotrebiteľskom vzdelávaní SR  |c Júlia Lipianska 
520 |a Vysvetlenie vhodných metód, ktoré by mali poznať inštitúcie a organizácie vytvárajúce zásady spotrebiteľskej politiky Slovenska a vytvorenie databázy vývoja spotrebiteľských cien na Slovensku v rokoch 1992-2015. Inflácia a jej dôsledky. Meranie vývoja spotrebiteľských cien. Index spotrebiteľských cien, varianty. Harmonizovaný index spotrebiteľských cien. 
610 2 0 |a politika spotrebiteľská 
610 2 0 |a ceny spotrebiteľské 
610 2 0 |a index cien spotrebiteľských 
610 2 0 |a stabilita cien 
610 2 0 |a inflácia 
100 1 |a Lipianska, Júlia